000 00390nam a2200145 i 4500
001 bg
245 0 0 _aMechanika budowli :
_btematy ćwiczeń projektowych /
_cZbyszko Stojek [et al.].
250 _aWyd.2.
260 _aRzeszów :
_bPolitechnika Rzeszowska,
_c1984.
700 1 _aSTOJEK, Zbyszko
040 _cBPK
041 _apol
942 _cKS
008 s pl f |000 0 pol
999 _c1083
_d1083
856 _uhttp://koha.tu.koszalin.pl/cgi-bin/koha/opac-detail.pl?biblionumber=1083
_yKatalog online BPK